Statistiques concernant 10 plus grands pays asiatiques

Cliquez ici pour prendre le quiz!

Statistiques générales

  • Ce quiz a été pris 29 907 fois
  • Le résultat moyen est 9 sur 10

Statistiques - réponses

km2Pays% Correct
9 572 900Chine
100%
3 287 263Inde
97%
13 130 000Russie
97%
1 564 110Mongolie
90%
2 575 000Kazakhstan
85%
1 484 029Indonésie
82%
881 912Pakistan
81%
1 648 195Iran
80%
2 149 690Arabie Saoudite
78%
736 034Turquie
65%

Distribution des résultats

Percentile par nombre de réponses

% des personnes avec chaque résultat

Votre développement - résultats

Vous n’avez pas pris ce quiz